| 000 | 01281nam a2200241Ia 4500 | ||
|---|---|---|---|
| 001 | 11110 | ||
| 003 | GE_BSU | ||
| 008 | 181216s||||||||xx |||||||||||||| ||und|| | ||
| 040 | _cGE_BSU | ||
| 080 | _a664.002.6(075.8) | ||
| 100 | _aჩოგოვაძე,შოთა | ||
| 245 | _aსახამებლის,მისი გადამუშავების პროდუქტების,თაფლის,შაქრის,საკონდიტრო ნაწარმის საქონელმცოდნეობა. | ||
| 245 | _bსახელმძღვ.უნ-ტის სტუდენტთათვის. | ||
| 245 | _cრედ:დ.ბახტაძე. | ||
| 250 | _aმეორე გადამუშავებული გამოც. | ||
| 260 | _aთბილისი. | ||
| 260 | _bთბილისის უნ–ტის გამ–ბა. | ||
| 260 | _c1986. | ||
| 300 | _a329გვ;21სმ. | ||
| 300 | _eცხრ. | ||
| 653 | _aსახამებლის,მისი გადამუშვაების პროდუქტების,თაფლის,შაქრის,საკონდიტრო ნაწარმის საქონელმცოდნეობა. | ||
| 942 | _cBK | ||
| 999 |
_c44349 _d44349 |
||